Normal view
MARC view
- حقوق الانسان - قانون دولي - الحقوق المدنية
Entry Topical Term
001 - CONTROL NUMBER
- control field: 46376
003 - CONTROL NUMBER IDENTIFIER
- control field: JO-AjAnu
005 - DATE AND TIME OF LATEST TRANSACTION
- control field: 20230606081650.0
008 - FIXED-LENGTH DATA ELEMENTS
- fixed length control field: 230606|| aca||aabn | a|a d
040 ## - CATALOGING SOURCE
- Original cataloging agency: JO-AjAnu
- Transcribing agency: JO-AjAnu
150 ## - HEADING--TOPICAL TERM
- Topical term or geographic name entry element: حقوق الانسان - قانون دولي - الحقوق المدنية
670 ## - SOURCE DATA FOUND
- Source citation: Work cat.: (JO-AjAnu)23737: إعداد الطوالبة، محمد, author 46375, حقوق الإنسان بين النص والتطبيق